| 000 -LEADER | |
|---|---|
| fixed length control field | 00496nam a22001817a 4500 |
| 005 - DATE AND TIME OF LATEST TRANSACTION | |
| control field | 20240202155040.0 |
| 008 - FIXED-LENGTH DATA ELEMENTS--GENERAL INFORMATION | |
| fixed length control field | 221219b |||||||| |||| 00| 0 eng d |
| 020 ## - INTERNATIONAL STANDARD BOOK NUMBER | |
| ISBN | 978-9383992-61-4 |
| 041 ## - LANGUAGE CODE | |
| Language code of text/sound track or separate title | eng |
| 082 ## - DEWEY DECIMAL CLASSIFICATION NUMBER | |
| Classification number | 631-KUM-P |
| 100 ## - MAIN ENTRY--AUTHOR NAME | |
| Personal name | YADAV , Dr. RAJENDRA KUMAR |
| 245 ## - TITLE STATEMENT | |
| Title | PRACTICAL MANUAL ON CROP IMPROVEMENT - I (KHARIF CROPS) |
| 250 ## - EDITION STATEMENT | |
| Edition statement | 1st ed. |
| 260 ## - PUBLICATION, DISTRIBUTION, ETC. (IMPRINT) | |
| Place of publication | NEW DELHI |
| Name of publisher | BHAVYA BOOKS PUBLICATIONS |
| Year of publication | 2022 |
| 300 ## - PHYSICAL DESCRIPTION | |
| Number of Pages | 172;P. |
| 650 ## - SUBJECT ADDED ENTRY--TOPICAL TERM | |
| Topical Term | AGRICULTURE |
| 942 ## - ADDED ENTRY ELEMENTS (KOHA) | |
| Koha item type | Books |
| Lost status | Damaged status | Collection code | Home library | Current library | Shelving location | Date acquired | Source of acquisition | Cost, normal purchase price | Full call number | Accession Number | Koha item type |
|---|---|---|---|---|---|---|---|---|---|---|---|
| Reference | JRU Library | JRU Library | SHELF-2-A | 07/11/2022 | DONATED | 185.00 | 631-KUM-P | 27074 | Books | ||
| AGRICULTURE | JRU Library | JRU Library | SHELF-14-E | 16/11/2023 | PURCHASE | 325.00 | 631-KUM-P | 28133 | Books | ||
| AGRICULTURE | JRU Library | JRU Library | SHELF-44-C | 16/11/2023 | PURCHASE | 325.00 | 631-KUM-P | 28134 | Books | ||
| AGRICULTURE | JRU Library | JRU Library | SHELF-44-C | 16/11/2023 | PURCHASE | 325.00 | 631-KUM-P | 28135 | Books | ||
| AGRICULTURE | JRU Library | JRU Library | SHELF-44-C | 10/04/2025 | PURCHASE | 225.00 | 631-KUM-P | 28728 | Books | ||
| AGRICULTURE | JRU Library | JRU Library | SHELF-44-C | 10/04/2025 | PURCHASE | 225.00 | 631-KUM-P | 28729 | Books | ||
| AGRICULTURE | JRU Library | JRU Library | SHELF-44-C | 10/04/2025 | PURCHASE | 225.00 | 631-KUM-P | 28730 | Books | ||
| AGRICULTURE | JRU Library | JRU Library | SHELF-44-C | 10/04/2025 | PURCHASE | 225.00 | 631-KUM-P | 28731 | Books | ||
| AGRICULTURE | JRU Library | JRU Library | SHELF-44-C | 10/04/2025 | PURCHASE | 225.00 | 631-KUM-P | 28732 | Books |